000 00414nam a2200145Ia 4500
008 100204s9999 xx 000 0 und d
082 _b9551
100 _aशहा सुभाष
245 _aत्रिकूट
260 _b"मधुर पब्लिकेशन , पुणे 2"
_c1987
300 _a140
630 _aत्रिकूट
730 _aत्रिकूट
942 _cBOOK
999 _c453987
_d453984